[Event "DEM U14w 2008"]
[Site "Willingen GER"]
[Date "2008.05.15"]
[Round "7"]
[White "Schäfer, Ann-Kathrin"]
[Black "Rogasch, Miriam"]
[Result "0-1"]
[Termination "normal"]
[Board "10"]
[WhiteElo "1673"]
[BlackElo "1560"]
[PlyCount "92"]
[WhiteFideId "24615412"]
[BlackFideId "4616324"]
[EventCountry "GER"]
[EventRounds "9"]
[EventType "swiss"]
[EventDate "2008.05.10"]

1. e4 e5 2. f4 Bc5 3. Nf3 d6 4. Bc4 Nf6 5. Nc3 Nc6 6. d3 Ng4 7. Ng5 O-O 8. fxe5
Be3 9. Bxe3 Nxe3 10. Qh5 h6 11. Nxf7 Nxg2+ 12. Kd2 Rxf7 13. Qxf7+ Kh8 14. Qg6
Nh4 15. Qg3 Nxe5 16. Raf1 Bg4 17. Rf4 Qg5 18. h3 Nhg6 19. hxg4 Nxf4 20. Kd1
Qxg4+ 21. Qxg4 Nxg4 22. Kd2 Ne5 23. Bb3 c6 24. d4 Neg6 25. Ne2 Nxe2 26. Kxe2
Rf8 27. Rf1 Rxf1 28. Kxf1 Nf4 29. Kf2 g5 30. Bc4 Kg7 31. Kg3 h5 32. Bf1 Kf6 33.
c3 c5 34. Kf3 h4 35. Kg4 cxd4 36. cxd4 Ne6 37. d5 Nf4 38. a3 h3 39. Bxh3 Nxh3
40. Kxh3 Ke5 41. Kg4 Kxe4 42. Kxg5 Kxd5 43. Kf4 Kd4 44. Kf3 Kd3 45. Kf2 d5 46.
Ke1 Kc2 0-1

[Event "DEM U14w 2008"]
[Site "Willingen GER"]
[Date "2008.05.15"]
[Round "7"]
[White "Weißenburg, Isabel"]
[Black "Friese, Sarah"]
[Result "0-1"]
[Termination "normal"]
[Board "12"]
[WhiteElo "1406"]
[BlackElo "1338"]
[PlyCount "150"]
[WhiteFideId "4612922"]
[BlackFideId "24691950"]
[EventCountry "GER"]
[EventRounds "9"]
[EventType "swiss"]
[EventDate "2008.05.10"]

1. e4 c6 2. d4 d5 3. exd5 cxd5 4. Bd3 Nf6 5. Bf4 Nc6 6. c3 Bg4 7. Qb3 Qd7 8.
Nd2 e6 9. Ngf3 Bxf3 10. Nxf3 Bd6 11. Bxd6 Qxd6 12. O-O O-O 13. Rfe1 Nd7 14. Qd1
e5 15. Nxe5 Ndxe5 16. Bxh7+ Kxh7 17. dxe5 Qe6 18. Re3 Rh8 19. Qd3+ Kg8 20. Rd1
Rd8 21. c4 d4 22. Re4 Rh5 23. f4 Qh6 24. h3 Rh4 25. Rf1 Qh7 26. Qf3 Ne7 27. f5
Rxe4 28. Qxe4 Qh6 29. f6 gxf6 30. exf6 Nc6 31. Rf4 d3 32. Rg4+ Kf8 33. Qf5 Rd6
34. Qc8+ Nd8 35. Qc5 Qxf6 36. Re4 b6 37. Qb5 Re6 38. Qb4+ Ke8 39. Qb5+ Kf8 40.
Qb4+ Kg8 41. Rg4+ Kh7 42. c5 Qf5 43. Qd4 Re1+ 44. Kh2 Qe5+ 45. Qxe5 Rxe5 46.
Rd4 Nc6 47. Rxd3 Rxc5 48. Rd7 Kg7 49. Rc7 a5 50. g4 Ne5 51. Re7 Nd3 52. Re2 Rb5
53. b3 a4 54. bxa4 Rb2 55. Rxb2 Nxb2 56. Kg3 Nxa4 57. Kf4 Nc3 58. a3 Nb1 59.
Ke4 Nxa3 60. Kd4 Nc2+ 61. Kc4 Kg6 62. Kb5 Kg5 63. Kxb6 Kh4 64. Kc5 Kxh3 65. g5
Kg4 66. Kc4 Kxg5 67. Kc3 Ne3 68. Kd3 Ng2 69. Ke2 Kg4 70. Kf2 Nh4 71. Ke2 f5 72.
Kf2 Kf4 73. Kg1 Ke3 74. Kh2 f4 75. Kg1 Ke2 0-1

[Event "DEM U14w 2008"]
[Site "Willingen GER"]
[Date "2008.05.16"]
[Round "8"]
[White "Klek, Hanna-Marie"]
[Black "Rethmann, Kristin"]
[Result "1-0"]
[Termination "normal"]
[Board "1"]
[WhiteElo "1919"]
[BlackElo "1453"]
[PlyCount "111"]
[WhiteFideId "24670057"]
[BlackFideId "24655805"]
[EventCountry "GER"]
[EventRounds "9"]
[EventType "swiss"]
[EventDate "2008.05.10"]

1. e4 e6 2. Qe2 Nf6 3. g3 Bc5 4. Bg2 e5 5. d3 h6 6. Nd2 Nc6 7. Ngf3 d6 8. Nb3
O-O 9. O-O Bb6 10. Kh1 Be6 11. Nh4 Ne7 12. f4 Qc8 13. fxe5 Bg4 14. Qe1 Ne8 15.
exd6 Nxd6 16. Be3 Nc6 17. Bxb6 axb6 18. a3 Qd7 19. Nf3 Rfe8 20. Qf2 Rad8 21.
Rae1 Nb5 22. Nbd2 Na5 23. Ng1 c5 24. Ra1 Nc6 25. Nc4 Qc7 26. Qf4 Qxf4 27. Rxf4
Be6 28. Nxb6 Nbd4 29. Rf2 Na7 30. Bh3 Bxh3 31. Nxh3 Nac6 32. Nc4 Ne5 33. Nxe5
Rxe5 34. Nf4 Ne6 35. Nxe6 Rxe6 36. Raf1 Rd7 37. Kg2 f6 38. Rf5 b6 39. R1f2 Kf7
40. e5 Kg6 41. exf6 gxf6 42. R5f4 Ra7 43. d4 cxd4 44. Rxd4 Rc7 45. Rb4 Rc5 46.
c4 Rec6 47. b3 Re5 48. a4 Kf7 49. Rb5 Rxb5 50. axb5 Rd6 51. Ra2 Ke6 52. Kh3 Ke5
53. Re2+ Kf5 54. Re7 Kg6 55. Rc7 Kf5 56. Rc6 1-0

[Event "DEM U14w 2008"]
[Site "Willingen GER"]
[Date "2008.05.16"]
[Round "8"]
[White "Tran, My Linh"]
[Black "Stark, Saskia"]
[Result "1-0"]
[Termination "normal"]
[Board "2"]
[WhiteElo "1480"]
[BlackElo "1926"]
[PlyCount "45"]
[WhiteFideId "24682462"]
[BlackFideId "4601050"]
[EventCountry "GER"]
[EventRounds "9"]
[EventType "swiss"]
[EventDate "2008.05.10"]

1. e4 c5 2. Nc3 Nc6 3. Nf3 Nf6 4. Bb5 Nd4 5. e5 Nxb5 6. Nxb5 Nd5 7. Ng5 e6 8.
Ne4 a6 9. Nbd6+ Bxd6 10. Nxd6+ Ke7 11. O-O f6 12. d4 cxd4 13. Qxd4 Qf8 14. Qc5
Kd8 15. c4 b6 16. Qd4 fxe5 17. Qxe5 Ne7 18. Be3 Nc6 19. Bxb6+ Ke7 20. Nxc8+
Rxc8 21. Bc5+ Kd8 22. Bxf8 Nxe5 23. Bxg7 1-0

[Event "DEM U14w 2008"]
[Site "Willingen GER"]
[Date "2008.05.16"]
[Round "8"]
[White "Kostré, Margarita"]
[Black "Schulz, Anja"]
[Result "0-1"]
[Termination "normal"]
[Board "3"]
[WhiteElo "1752"]
[BlackElo "1863"]
[PlyCount "68"]
[WhiteFideId "4673344"]
[BlackFideId "24647845"]
[EventCountry "GER"]
[EventRounds "9"]
[EventType "swiss"]
[EventDate "2008.05.10"]

1. e4 c5 2. Nf3 Nc6 3. d4 cxd4 4. Nxd4 Nf6 5. Nc3 e6 6. Be2 Bb4 7. Nxc6 bxc6 8.
e5 Ne4 9. Bd2 Nxd2 10. Qxd2 Rb8 11. O-O O-O 12. a3 Be7 13. b4 f6 14. f4 Qc7 15.
Qe3 a5 16. b5 cxb5 17. Qg3 Ba6 18. Bd3 f5 19. Ne2 Bxa3 20. Kh1 Bc5 21. Qh4 d6
22. exd6 Bxd6 23. Nd4 Rf6 24. g4 Bb7+ 25. Kg1 Bc5 26. c3 Rh6 27. Qg3 Qb6 28.
Qf2 fxg4 29. Rae1 Rd8 30. f5 Rxd4 31. Rxe6 Rxe6 32. fxe6 Rxd3 33. e7 Bxf2+ 34.
Rxf2 Rd1# 0-1

[Event "DEM U14w 2008"]
[Site "Willingen GER"]
[Date "2008.05.16"]
[Round "8"]
[White "Zimmerer, Leah"]
[Black "Schäfer, Daniela"]
[Result "1/2-1/2"]
[Termination "normal"]
[Board "4"]
[WhiteElo "1590"]
[BlackElo "1785"]
[PlyCount "147"]
[WhiteFideId "4620240"]
[BlackFideId "4624769"]
[EventCountry "GER"]
[EventRounds "9"]
[EventType "swiss"]
[EventDate "2008.05.10"]

1. e4 d5 2. exd5 Nf6 3. d4 Nxd5 4. c4 Nb6 5. b3 g6 6. Bb2 Bg7 7. Qd2 O-O 8. Nf3
Bf5 9. Be2 e6 10. O-O Nc6 11. Na3 Qd7 12. Rad1 Rad8 13. Nc2 Bxc2 14. Qxc2 a5
15. Rfe1 a4 16. Bf1 axb3 17. axb3 Ra8 18. Ne5 Nxe5 19. dxe5 Qe7 20. Ra1 Qc5 21.
Qe4 c6 22. Bd4 Qb4 23. Qe3 Nd7 24. c5 b6 25. cxb6 c5 26. Bc3 Qxb6 27. Bc4 Qc7
28. Bf1 Rxa1 29. Bxa1 Ra8 30. Bc4 Nb6 31. Bb2 Ra2 32. Ba1 Nxc4 33. bxc4 Ra4 34.
Qb3 Rb4 35. Qd3 Qb8 36. h3 h5 37. Qd6 Qb6 38. Qd3 Rb3 39. Qd2 Qb4 40. Qe2 Rb1
41. Bc3 Rxe1+ 42. Bxe1 Qb1 43. Kh2 Qa1 44. f4 Qd4 45. g3 h4 46. Bf2 hxg3+ 47.
Kxg3 Qc3+ 48. Kg2 Bh6 49. Qe4 Qd2 50. Qe3 Qc2 51. Qxc5 Qe4+ 52. Kg1 Bxf4 53.
Qd4 Qxe5 54. Qd8+ Kg7 55. c5 Qg5+ 56. Qxg5 Bxg5 57. c6 Bd8 58. Bg3 Kh6 59. c7
Bxc7 60. Bxc7 Kg5 61. Kg2 f6 62. Bg3 f5 63. Be5 Kh5 64. Kg3 g5 65. Kf2 Kh4 66.
Kg2 f4 67. Bf6 Kh5 68. Be5 Kg6 69. Kf3 Kf5 70. Bc3 e5 71. Be1 e4+ 72. Kf2 g4
73. hxg4+ Kxg4 74. Kg2 1/2-1/2

[Event "DEM U14w 2008"]
[Site "Willingen GER"]
[Date "2008.05.16"]
[Round "8"]
[White "Pohl, Theresa"]
[Black "Schätz, Annika"]
[Result "0-1"]
[Termination "normal"]
[Board "5"]
[WhiteElo "1337"]
[BlackElo "1729"]
[PlyCount "50"]
[BlackFideId "24674796"]
[EventCountry "GER"]
[EventRounds "9"]
[EventType "swiss"]
[EventDate "2008.05.10"]

1. d4 Nf6 2. c4 c5 3. d5 b5 4. e3 bxc4 5. Bxc4 g6 6. Nc3 Bg7 7. e4 d6 8. Nge2
O-O 9. O-O Nbd7 10. f3 Ne5 11. Bb3 Ba6 12. Be3 Rb8 13. Rb1 Bd3 14. Bc2 Bxc2 15.
Qxc2 Nc4 16. Bf2 Bh6 17. Rfd1 Qa5 18. a3 Rb7 19. Na4 Ne3 20. Bxe3 Bxe3+ 21. Kh1
Rfb8 22. Rd3 Bh6 23. Nec3 Nd7 24. b3 c4 25. b4 cxd3 0-1

[Event "DEM U14w 2008"]
[Site "Willingen GER"]
[Date "2008.05.16"]
[Round "8"]
[White "Schätz, Bianca"]
[Black "Evers, Annika"]
[Result "0-1"]
[Termination "time forfeit"]
[Board "6"]
[WhiteElo "1311"]
[BlackElo "1516"]
[PlyCount "78"]
[WhiteFideId "24655821"]
[BlackFideId "24691933"]
[EventCountry "GER"]
[EventRounds "9"]
[EventType "swiss"]
[EventDate "2008.05.10"]

1. e4 c5 2. d4 cxd4 3. c3 dxc3 4. Nxc3 Nc6 5. Nf3 e6 6. Bc4 Bb4 7. Bd2 Nge7 8.
O-O O-O 9. Qe2 Re8 10. a3 Bxc3 11. Bxc3 b6 12. Rfd1 Bb7 13. Rac1 Qc7 14. Ba2
Rad8 15. b4 Qb8 16. b5 Na5 17. a4 d5 18. exd5 Bxd5 19. Bxd5 Nxd5 20. Be5 Qb7
21. Bb2 Nb3 22. Rc2 Nc5 23. Rc4 Qd7 24. Rcd4 Qe7 25. Rc4 Rc8 26. Ne5 f6 27. Nc6
Qf7 28. h3 a6 29. Qc2 axb5 30. axb5 Nc7 31. Rb4 Nxb5 32. Rxb5 Rxc6 33. Qe2 Rec8
34. Kh1 h6 35. Kg1 Na4 36. Ba1 Rc1 37. Rb4 Qe8 38. Kh2 Rxd1 39. Qxd1 b5 0-1

[Event "DEM U14w 2008"]
[Site "Willingen GER"]
[Date "2008.05.16"]
[Round "8"]
[White "Korman, Jewgenija"]
[Black "Kühnel, Lena"]
[Result "1/2-1/2"]
[Termination "normal"]
[Board "7"]
[WhiteElo "1774"]
[BlackElo "1672"]
[PlyCount "34"]
[WhiteFideId "24606669"]
[BlackFideId "24640956"]
[EventCountry "GER"]
[EventRounds "9"]
[EventType "swiss"]
[EventDate "2008.05.10"]

1. e4 e5 2. Nf3 Nc6 3. Bc4 Nf6 4. d3 Bc5 5. c3 d6 6. a4 a5 7. Be3 Ba7 8. Nbd2
O-O 9. Qb3 h6 10. O-O Ne7 11. Bxa7 Rxa7 12. Qc2 Ng6 13. Rfe1 Kh8 14. Bb3 Nh5
15. d4 Nhf4 16. Rad1 Qe7 17. dxe5 dxe5 1/2-1/2

[Event "DEM U14w 2008"]
[Site "Willingen GER"]
[Date "2008.05.16"]
[Round "8"]
[White "Rogasch, Miriam"]
[Black "Orhan, Eda"]
[Result "0-1"]
[Termination "normal"]
[Board "8"]
[WhiteElo "1560"]
[BlackElo "1534"]
[PlyCount "74"]
[WhiteFideId "4616324"]
[BlackFideId "24659258"]
[EventCountry "GER"]
[EventRounds "9"]
[EventType "swiss"]
[EventDate "2008.05.10"]

1. e4 d5 2. exd5 Qxd5 3. Nc3 Qd6 4. d4 Nf6 5. Bd3 a6 6. Nge2 b5 7. Bf4 Qb6 8.
Qd2 Bb7 9. f3 e6 10. O-O-O Be7 11. Kb1 O-O 12. h4 Nbd7 13. h5 c5 14. Be4 b4 15.
Bxb7 bxc3 16. Qxc3 Qxb7 17. h6 Nd5 18. Qd3 g6 19. Bd2 Bf6 20. c4 Nb4 21. Qb3
Rab8 22. Be3 cxd4 23. Nxd4 Nc5 24. Qc3 Nc6 25. Qc2 Qc7 26. Qc1 Nxd4 27. Bxd4
Bxd4 28. Rxd4 Qe5 29. Rd2 Rfd8 30. Re1 Qf5+ 31. Rc2 Nd3 32. g4 Qf6 33. g5 Qf5
34. Qd1 Nxe1 35. Qxe1 Qxf3 36. c5 Qf5 37. c6 Rbc8 0-1

[Event "DEM U14w 2008"]
[Site "Willingen GER"]
[Date "2008.05.16"]
[Round "8"]
[White "Friese, Sarah"]
[Black "Plumbaum, Nadja"]
[Result "1/2-1/2"]
[Termination "normal"]
[Board "9"]
[WhiteElo "1338"]
[BlackElo "1404"]
[PlyCount "74"]
[WhiteFideId "24691950"]
[BlackFideId "24691941"]
[EventCountry "GER"]
[EventRounds "9"]
[EventType "swiss"]
[EventDate "2008.05.10"]

1. d4 d5 2. Nf3 Nf6 3. e3 Bf5 4. Bd3 Bxd3 5. Qxd3 Nbd7 6. O-O e6 7. b3 Be7 8.
Nbd2 c5 9. Bb2 O-O 10. Ne5 Nxe5 11. dxe5 Nd7 12. f4 Qc7 13. c4 dxc4 14. Nxc4
Rad8 15. Qe2 a6 16. Nd2 b5 17. Ne4 Nb6 18. Rac1 Rd5 19. Ng3 Rfd8 20. Rfd1 Qd7
21. Rxd5 Qxd5 22. Rc2 Qd1+ 23. Qxd1 Rxd1+ 24. Kf2 c4 25. Ne4 h6 26. Rc1 Rxc1
27. Bxc1 cxb3 28. axb3 Kh7 29. Nd6 Kg8 30. e4 Kf8 31. Be3 Nd7 32. Bd4 Nb8 33.
f5 Nc6 34. Bb2 exf5 35. Nxf5 Bg5 36. e6 f6 37. e7+ Ke8 1/2-1/2

[Event "DEM U14w 2008"]
[Site "Willingen GER"]
[Date "2008.05.16"]
[Round "8"]
[White "Rozenfeld, Elisabeth"]
[Black "Weißenburg, Isabel"]
[Result "1-0"]
[Termination "normal"]
[Board "11"]
[WhiteElo "1372"]
[BlackElo "1406"]
[PlyCount "53"]
[WhiteFideId "4624742"]
[BlackFideId "4612922"]
[EventCountry "GER"]
[EventRounds "9"]
[EventType "swiss"]
[EventDate "2008.05.10"]

1. e4 c5 2. Nf3 d6 3. d4 cxd4 4. Nxd4 Nf6 5. Nc3 a6 6. Bc4 b5 7. Bb3 Bb7 8. Qe2
Qc7 9. O-O Nc6 10. Nxc6 Qxc6 11. f3 e6 12. Bf4 Be7 13. Rad1 O-O 14. a3 Rfe8 15.
Rd3 d5 16. exd5 Bc5+ 17. Kh1 exd5 18. Qd1 d4 19. Ne2 Nh5 20. Nxd4 Qg6 21. Bc1
Bd6 22. Ne2 Rxe2 23. Qxe2 Ng3+ 24. hxg3 Bxg3 25. Bxf7+ Qxf7 26. f4 Qf6 27. Rxg3
1-0

[Event "DEM U14w 2008"]
[Site "Willingen GER"]
[Date "2008.05.16"]
[Round "8"]
[White "Hümmecke, Miriam"]
[Black "Brühan, Caren"]
[Result "1-0"]
[Termination "normal"]
[Board "12"]
[WhiteElo "1471"]
[BlackElo "1221"]
[PlyCount "49"]
[BlackFideId "24691976"]
[EventCountry "GER"]
[EventRounds "9"]
[EventType "swiss"]
[EventDate "2008.05.10"]

1. e4 c5 2. Nf3 Nc6 3. d4 cxd4 4. Nxd4 g6 5. Nc3 Bg7 6. Be3 Nf6 7. Bc4 a6 8.
O-O e6 9. f3 O-O 10. Qd2 b5 11. Bb3 b4 12. Nce2 a5 13. a4 Ba6 14. Rfe1 d5 15.
Nxc6 Qd7 16. exd5 Nxd5 17. Bxd5 exd5 18. Ncd4 Rfe8 19. Ng3 f5 20. Bh6 Rxe1+ 21.
Rxe1 Qxa4 22. Bxg7 Kxg7 23. Ne6+ Kf7 24. Qxd5 Re8 25. Nc5+ 1-0

[Event "DEM U14w 2008"]
[Site "Willingen GER"]
[Date "2008.05.17"]
[Round "9"]
[White "Orhan, Eda"]
[Black "Klek, Hanna-Marie"]
[Result "0-1"]
[Termination "normal"]
[Board "1"]
[WhiteElo "1534"]
[BlackElo "1919"]
[PlyCount "52"]
[WhiteFideId "24659258"]
[BlackFideId "24670057"]
[EventCountry "GER"]
[EventRounds "9"]
[EventType "swiss"]
[EventDate "2008.05.10"]

1. d4 d5 2. Nf3 Nf6 3. e3 c5 4. b3 a6 5. Bd3 Nc6 6. Nbd2 Bg4 7. Bb2 cxd4 8.
exd4 e6 9. O-O Bd6 10. Re1 O-O 11. c4 Bb4 12. Qc2 Bxf3 13. gxf3 dxc4 14. Bxc4
Nxd4 15. Bxd4 Qxd4 16. Rad1 Qf4 17. Re3 Rac8 18. Qb2 Rfd8 19. a3 Ba5 20. Kg2
Qg5+ 21. Kh1 Qh4 22. Kg2 b5 23. Bf1 Bc7 24. Re5 Rd4 25. Rde1 Qf4 26. Qc1 Rxd2
0-1

[Event "DEM U14w 2008"]
[Site "Willingen GER"]
[Date "2008.05.17"]
[Round "9"]
[White "Schätz, Annika"]
[Black "Tran, My Linh"]
[Result "1/2-1/2"]
[Termination "normal"]
[Board "2"]
[WhiteElo "1729"]
[BlackElo "1480"]
[PlyCount "64"]
[WhiteFideId "24674796"]
[BlackFideId "24682462"]
[EventCountry "GER"]
[EventRounds "9"]
[EventType "swiss"]
[EventDate "2008.05.10"]

1. e4 e5 2. Nf3 Nc6 3. Bc4 Nf6 4. d4 exd4 5. O-O Nxe4 6. Re1 d5 7. Bxd5 Qxd5 8.
Nc3 Qh5 9. Nxe4 Be6 10. Neg5 O-O-O 11. Nxe6 fxe6 12. Rxe6 Bd6 13. Qe2 Rde8 14.
h3 Qf7 15. Rxe8+ Rxe8 16. Qb5 Qg6 17. Bg5 Rf8 18. Re1 Qxc2 19. Rc1 Qf5 20.
Qxf5+ Rxf5 21. Rd1 Rd5 22. a3 Ne7 23. Rxd4 Rxd4 24. Nxd4 h6 25. Bd2 Be5 26. Bc3
Nd5 27. Ne2 Nxc3 28. Nxc3 Kd7 29. Kf1 Kc6 30. Ke2 b5 31. Kd3 a5 32. b3 Kc5
1/2-1/2

[Event "DEM U14w 2008"]
[Site "Willingen GER"]
[Date "2008.05.17"]
[Round "9"]
[White "Evers, Annika"]
[Black "Schulz, Anja"]
[Result "0-1"]
[Termination "normal"]
[Board "3"]
[WhiteElo "1516"]
[BlackElo "1863"]
[PlyCount "72"]
[WhiteFideId "24691933"]
[BlackFideId "24647845"]
[EventCountry "GER"]
[EventRounds "9"]
[EventType "swiss"]
[EventDate "2008.05.10"]

1. e4 c5 2. Nf3 d6 3. c4 Nc6 4. d4 cxd4 5. Nxd4 g6 6. Nc3 Bg7 7. Be3 Nf6 8. Be2
O-O 9. h3 Bd7 10. O-O Rc8 11. Qd2 Ne5 12. b3 Nc6 13. Rad1 a6 14. Rfe1 Rb8 15.
Kh1 b5 16. cxb5 Nxd4 17. Bxd4 axb5 18. e5 Ne8 19. exd6 Nxd6 20. Bxg7 Kxg7 21.
Qd4+ Kg8 22. Ne4 Nxe4 23. Qxe4 Qc8 24. Qxe7 Bc6 25. Kg1 Re8 26. Qc5 Qb7 27. f3
Rbc8 28. Qd4 Qa8 29. Ra1 Rcd8 30. Qb4 Qa7+ 31. Kh1 Re3 32. Bxb5 Rd4 33. Bc4
Rxf3 34. Kh2 Rf2 35. Rg1 Qc7+ 36. Kh1 Qg3 0-1

[Event "DEM U14w 2008"]
[Site "Willingen GER"]
[Date "2008.05.17"]
[Round "9"]
[White "Stark, Saskia"]
[Black "Schäfer, Daniela"]
[Result "1/2-1/2"]
[Termination "normal"]
[Board "4"]
[WhiteElo "1926"]
[BlackElo "1785"]
[PlyCount "75"]
[WhiteFideId "4601050"]
[BlackFideId "4624769"]
[EventCountry "GER"]
[EventRounds "9"]
[EventType "swiss"]
[EventDate "2008.05.10"]

1. e4 e5 2. Nf3 d6 3. d4 Nf6 4. Nc3 Nbd7 5. dxe5 dxe5 6. Bc4 Be7 7. Bxf7+ Kxf7
8. Ng5+ Kg8 9. Ne6 Qe8 10. Nxc7 Qg6 11. Nxa8 Qxg2 12. Rf1 Nc5 13. Qe2 Bh3 14.
Qc4+ Kf8 15. Be3 Qxf1+ 16. Qxf1 Bxf1 17. Kxf1 Ncxe4 18. Nxe4 Nxe4 19. Bxa7 Kf7
20. Nc7 Rc8 21. Nd5 Rxc2 22. Nxe7 Kxe7 23. b4 Ke6 24. Kg2 Kf5 25. a4 g5 26. h3
h5 27. Rd1 Rc4 28. Bc5 Nxc5 29. bxc5 Rxc5 30. Rd7 Ra5 31. Rxb7 Rxa4 32. Rf7+
Kg6 33. Rf8 g4 34. h4 Rf4 35. Rg8+ Kf6 36. Rh8 Rf5 37. Rh6+ Kg7 38. Re6 1/2-1/2

[Event "DEM U14w 2008"]
[Site "Willingen GER"]
[Date "2008.05.17"]
[Round "9"]
[White "Kostré, Margarita"]
[Black "Zimmerer, Leah"]
[Result "0-1"]
[Termination "normal"]
[Board "5"]
[WhiteElo "1752"]
[BlackElo "1590"]
[PlyCount "84"]
[WhiteFideId "4673344"]
[BlackFideId "4620240"]
[EventCountry "GER"]
[EventRounds "9"]
[EventType "swiss"]
[EventDate "2008.05.10"]

1. e4 c5 2. Nf3 e6 3. c4 a6 4. d4 cxd4 5. Nxd4 Nf6 6. Nc3 Bb4 7. Bd3 Nc6 8.
Nxc6 dxc6 9. O-O e5 10. f4 Bc5+ 11. Kh1 Ng4 12. Qf3 Nf2+ 13. Rxf2 Bxf2 14. Qxf2
Qxd3 15. fxe5 Qxc4 16. Bg5 O-O 17. Qg3 Kh8 18. Rd1 h6 19. Qh4 Kg8 20. Be7 Re8
21. Bd6 Qe6 22. h3 Qg6 23. Be7 Qe6 24. Bd6 b5 25. b3 Ra7 26. Ne2 Qg6 27. Nd4
Bd7 28. Qf2 Raa8 29. Nf5 Bxf5 30. exf5 Qh7 31. g4 Rad8 32. Qb6 h5 33. e6 fxe6
34. Qxc6 hxg4 35. fxe6 Qxh3+ 36. Kg1 Qe3+ 37. Kh1 Qxe6 38. Qxa6 Qe4+ 39. Kg1
Qe3+ 40. Kh2 Qe2+ 41. Kg3 Qxd1 42. Bc7 Qf3+ 0-1

[Event "DEM U14w 2008"]
[Site "Willingen GER"]
[Date "2008.05.17"]
[Round "9"]
[White "Rethmann, Kristin"]
[Black "Pohl, Theresa"]
[Result "1/2-1/2"]
[Termination "normal"]
[Board "6"]
[WhiteElo "1453"]
[BlackElo "1337"]
[PlyCount "194"]
[WhiteFideId "24655805"]
[EventCountry "GER"]
[EventRounds "9"]
[EventType "swiss"]
[EventDate "2008.05.10"]

1. e4 e6 2. d4 d5 3. Nc3 Bb4 4. e5 c5 5. a3 Ba5 6. b4 cxb4 7. Nb5 bxa3+ 8. c3
Bc7 9. Bxa3 a6 10. Nd6+ Bxd6 11. Bxd6 Ne7 12. Bd3 Nbc6 13. Qg4 O-O 14. Nf3 h6
15. O-O Bd7 16. Nh4 Rc8 17. Ba3 Na7 18. Bxe7 Qxe7 19. f4 Rxc3 20. f5 Qg5 21.
Be2 Qxg4 22. Bxg4 Nb5 23. Rad1 Rc4 24. fxe6 Bxe6 25. Bxe6 fxe6 26. Rxf8+ Kxf8
27. Nf3 Nc3 28. Rd3 Ne4 29. h3 Rc1+ 30. Kh2 Rh1+ 31. Kxh1 Nf2+ 32. Kg1 Nxd3 33.
Kf1 b5 34. Nd2 Ke7 35. Nb3 Kd7 36. g3 Nb4 37. Ke2 g6 38. Kd2 Ke7 39. Na5 Na2
40. Kc2 b4 41. Kb2 Nc3 42. Nc6+ Kd7 43. Nxb4 Ne2 44. Nxa6 Nxd4 45. Nc5+ Ke7 46.
Nd3 Ne2 47. g4 g5 48. Kc2 Ng1 49. Nf2 Nf3 50. Nd3 Kf7 51. Kc3 Ng1 52. Nf2 Ne2+
53. Kd3 Nf4+ 54. Kd4 Ke7 55. Kc5 Kd7 56. Kb5 Kd8 57. Kb6 d4 58. Kc5 d3 59. Kd4
d2 60. Ke3 Nxh3 61. Nd1 Ng1 62. Kf2 Nh3+ 63. Ke2 Nf4+ 64. Kxd2 Ng6 65. Nf2 Nxe5
66. Ke3 Kd7 67. Kd4 Nc6+ 68. Kc4 Ne7 69. Nd3 Nd5 70. Ne5+ Ke7 71. Kd4 Nf4 72.
Ke4 Ke8 73. Nf3 Kf7 74. Ne5+ Ke7 75. Kd4 h5 76. gxh5 Nxh5 77. Nf3 Kf6 78. Ke4
Ng3+ 79. Kd4 Ne2+ 80. Ke4 g4 81. Nh4 e5 82. Ke3 Nf4 83. Ke4 g3 84. Kf3 g2 85.
Nxg2 Nxg2 86. Kxg2 Kg6 87. Kf3 Kf5 88. Ke3 e4 89. Ke2 Kf4 90. Kf2 e3+ 91. Ke2
Ke4 92. Ke1 Kf3 93. Kf1 Kg3 94. Ke2 Kf4 95. Ke1 Ke4 96. Ke2 Kd4 97. Ke1 Kd3
1/2-1/2

[Event "DEM U14w 2008"]
[Site "Willingen GER"]
[Date "2008.05.17"]
[Round "9"]
[White "Plumbaum, Nadja"]
[Black "Korman, Jewgenija"]
[Result "0-1"]
[Termination "normal"]
[Board "7"]
[WhiteElo "1404"]
[BlackElo "1774"]
[PlyCount "100"]
[WhiteFideId "24691941"]
[BlackFideId "24606669"]
[EventCountry "GER"]
[EventRounds "9"]
[EventType "swiss"]
[EventDate "2008.05.10"]

1. c4 f5 2. g3 Nf6 3. Bg2 g6 4. Nc3 Bg7 5. e3 d6 6. Nge2 c6 7. O-O e5 8. d3 O-O
9. Rb1 Qe7 10. b4 Nbd7 11. Qb3 Kh8 12. a4 Rb8 13. Ba3 c5 14. b5 b6 15. d4 e4
16. dxc5 dxc5 17. Bb2 Bb7 18. Rfd1 Ne5 19. Nf4 Rfd8 20. Nfd5 Qf7 21. Bf1 Rbc8
22. Nxf6 Bxf6 23. Be2 Qg7 24. Nd5 Bxd5 25. cxd5 c4 26. Qa3 Nd3 27. Bxf6 Qxf6
28. Bxd3 exd3 29. d6 Rxd6 30. Rbc1 c3 31. Kg2 d2 32. Rc2 Rd5 33. a5 Rxb5 34.
Rdxd2 Rxa5 35. Qb4 Qc6+ 36. Kh3 Ra4 37. Qe7 Re4 38. Rd8+ Rxd8 39. Qxd8+ Re8 40.
Qd4+ Kg8 41. Rxc3 Qe4 42. Qd7 Re7 43. Rc8+ Kg7 44. Qd8 Kh6 45. Qf8+ Kh5 46. Rc6
Qh1 47. g4+ fxg4+ 48. Kg3 Qxc6 49. h4 Qf3+ 50. Qxf3 gxf3 0-1

[Event "DEM U14w 2008"]
[Site "Willingen GER"]
[Date "2008.05.17"]
[Round "9"]
[White "Kühnel, Lena"]
[Black "Rozenfeld, Elisabeth"]
[Result "1/2-1/2"]
[Termination "normal"]
[Board "8"]
[WhiteElo "1672"]
[BlackElo "1372"]
[PlyCount "57"]
[WhiteFideId "24640956"]
[BlackFideId "4624742"]
[EventCountry "GER"]
[EventRounds "9"]
[EventType "swiss"]
[EventDate "2008.05.10"]

1. e4 e5 2. Nf3 d6 3. d4 Nc6 4. h3 Nf6 5. Nc3 Be7 6. Bc4 O-O 7. O-O exd4 8.
Nxd4 Nxe4 9. Nxe4 d5 10. Bxd5 Qxd5 11. Nxc6 Qxc6 12. Ng3 Rd8 13. Qe2 Be6 14. b3
Bf6 15. Rb1 Bd5 16. f3 Re8 17. Qf2 Qa6 18. c4 Be6 19. Bf4 Rad8 20. Rbd1 Rxd1
21. Rxd1 Rd8 22. Rxd8+ Bxd8 23. Ne4 Bf5 24. Qd2 Be7 25. Bxc7 Bxe4 26. fxe4 Qc6
27. Bg3 Qxe4 28. Qe1 Bc5+ 29. Kh2 1/2-1/2

[Event "DEM U14w 2008"]
[Site "Willingen GER"]
[Date "2008.05.17"]
[Round "9"]
[White "Schätz, Bianca"]
[Black "Marx, Inga"]
[Result "0-1"]
[Termination "normal"]
[Board "9"]
[WhiteElo "1311"]
[BlackElo "1530"]
[PlyCount "74"]
[WhiteFideId "24655821"]
[BlackFideId "4654749"]
[EventCountry "GER"]
[EventRounds "9"]
[EventType "swiss"]
[EventDate "2008.05.10"]

1. e4 d5 2. exd5 Qxd5 3. Nc3 Qa5 4. d4 c6 5. Bc4 Nf6 6. Bd2 Qc7 7. Qe2 Bf5 8.
Nf3 e6 9. O-O-O Be7 10. Ne5 O-O 11. g4 Bg6 12. Nxg6 hxg6 13. h4 b5 14. Bb3 a5
15. a3 b4 16. axb4 axb4 17. Nb1 c5 18. dxc5 Qxc5 19. h5 gxh5 20. gxh5 Nc6 21.
Be3 Qe5 22. h6 g6 23. f4 Qe4 24. Qd3 Qxd3 25. Rxd3 Kh7 26. Kd1 Ng4 27. Bg1 Rfd8
28. Rxd8 Rxd8+ 29. Ke2 Nd4+ 30. Bxd4 Rxd4 31. Kf3 Nxh6 32. Rh2 Bd6 33. Rh4 g5
34. Rh1 Bxf4 35. c3 bxc3 36. Nxc3 g4+ 37. Kf2 Rd2+ 0-1